000
00280nam a2200109Ia 4500
008
230907s9999||||xx |||||||||||||| ||und||
082
_a
690
_b
CHE
245
0
_a
Advanced building and joinery skills /
260
_a
Pearson,
_b
Melbourne :
_c
2010
300
_a
xv, 400 p.
942
_c
BK
999
_c
600042
_d
600042